Vplyv behaviorálnych aspektov na manažérske rozhodovanie
Teória očakávaného úžitku. Postoje človeka k riziku. Neutralita voči riziku. Averzia voči riziku. Sklon k riziku. Teória vyhliadok. Aplikácia teórie vyhliadok na rozhodovací proces manažéra. Odchýlky od racionality vstupujúce do rozhodovacieho procesu.
Uložené v:
| Hlavný autor: | |
|---|---|
| Ďalší autori: | |
| Médium: | Kapitola |
| Jazyk: | Slovak |
| Predmet: | |
| Tagy: |
Žiadne tagy, Buďte prvý, kto otaguje tento záznam!
|
MARC
| LEADER | 00000naa$a2200000$$$4500 | ||
|---|---|---|---|
| 001 | 0158395 | ||
| 005 | 20240502072746.9 | ||
| 041 | 0 | |a slo | |
| 044 | |a SK | ||
| 245 | 1 | 0 | |a Vplyv behaviorálnych aspektov na manažérske rozhodovanie |c Kamil Adamík, Peter Markovič |
| 520 | |a Teória očakávaného úžitku. Postoje človeka k riziku. Neutralita voči riziku. Averzia voči riziku. Sklon k riziku. Teória vyhliadok. Aplikácia teórie vyhliadok na rozhodovací proces manažéra. Odchýlky od racionality vstupujúce do rozhodovacieho procesu. | ||
| 610 | 2 | 0 | |a rozhodovanie manažérske |
| 610 | 2 | 0 | |a manažéri |
| 610 | 2 | 0 | |a manažment |
| 610 | 2 | 0 | |a riziko |
| 610 | 2 | 0 | |a majetok |
| 610 | 2 | 0 | |a hodnota |
| 610 | 2 | 0 | |a pravdepodobnosť |
| 610 | 2 | 0 | |a úžitok |
| 100 | 1 | |a Adamík, Kamil | |
| 700 | 1 | |a Markovič, Peter, 1974- | |